Central Library OPAC University of Rajshahi

বাংলাদেশের ইতিহাস : (Record no. 80818)

MARC details
000 -LEADER
fixed length control field 01248nam a2200241 a 4500
001 - CONTROL NUMBER
control field 80818
003 - CONTROL NUMBER IDENTIFIER
rucl marc code BD-RjUL
005 - DATE AND TIME OF LATEST TRANSACTION
control field 20221121122716.0
008 - FIXED-LENGTH DATA ELEMENTS--GENERAL INFORMATION
fixed length control field 221121s2019 bg ||||| |||| 00| 0 ben d
020 ## - INTERNATIONAL STANDARD BOOK NUMBER
International Standard Book Number 9789843445216 (Vol.1)
International Standard Book Number 9789843445223 (Vol.2)
035 ## - SYSTEM CONTROL NUMBER
System control number (BD-RjUL)80818
040 ## - CATALOGING SOURCE
Original cataloging agency BD-RjUL
Language of cataloging eng
Transcribing agency BD-RjUL
041 ## - LANGUAGE CODE
Language code of text/sound track or separate title ben
082 ## - DEWEY DECIMAL CLASSIFICATION NUMBER
Edition number 23
Classification number 954.14
Author mark and year BAI 2019
245 ## - TITLE STATEMENT
Title বাংলাদেশের ইতিহাস :
Remainder of title আঞ্চলিক পরিপ্রেক্ষিতে আদি বাংলা (আনু. ১২০০ সা. অব্দ পর্যন্ত) /
Statement of responsibility, etc. সম্পাদক আবদুল মমিন চৌধুরী
300 ## - PHYSICAL DESCRIPTION
Pagination খণ্ড.:
Illustrations চিত্রসমূহ;
Size ২৫ সেমি.
504 01 - BIBLIOGRAPHY, ETC. NOTE
Bibliography, etc খণ্ড. ১ম প্রত্নতত্ত্ব রাজনৈতিক ইতিহাস রাষ্ট্রগঠন -- খণ্ড. ২য় সমাজ অর্থনীতি সংস্কৃতি--
650 ## - SUBJECT ADDED ENTRY--TOPICAL TERM
Topical term or geographic name as entry element বাংলা (ভারত)
General subdivision ইতিহাস
9 (RLIN) 5950
Topical term or geographic name as entry element Bengal (India)
General subdivision History
9 (RLIN) 1261
700 ## - ADDED ENTRY--PERSONAL NAME
Personal name চৌধুরী, আবদুল মমিন (সম্পাদক)
942 ## - ADDED ENTRY ELEMENTS (KOHA)
Source of classification or shelving scheme Dewey Decimal Classification
Koha item type Books
Holdings
Lost status Source of classification or shelving scheme Damaged status Not for loan Collection code Permanent Location Current Location Shelving location Date acquired Source of acquisition Cost, normal purchase price Total Checkouts Full call number Date last seen Copy number Koha item type
  Dewey Decimal Classification   Not For Loan Non-fiction Central Library, University of Rajshahi Central Library, University of Rajshahi Reading Room 13/11/2022 Rajshahi : Biddasagar 1700.00   B 954.14 BAI V-1 2019 21/11/2022 C-1 Books
  Dewey Decimal Classification   Not For Loan Non-fiction Central Library, University of Rajshahi Central Library, University of Rajshahi Reading Room 13/11/2022 Rajshahi : Biddasagar 1700.00   B 954.14 BAI V-2 2019 21/11/2022 C-1 Books